| 000 | 003650000a22001570004500 | ||
|---|---|---|---|
| 020 | _a81224000132 | ||
| 060 | _a100 | ||
| 082 | _a581 DAT | ||
| 100 | _aSubhash, Chandra Datta | ||
| 245 | _aSystematic Botany | ||
| 260 | _aNewdelhi, Wiley Eastern private Limited | ||
| 260 | _c1988 | ||
| 300 | _a645 | ||
| 650 | _aBotany / taxonomy/ angiosperms | ||
| 942 | _cBK | ||
| 999 |
_c352108 _d352108 |
||